000 01005nam a22002531 4500
001 177291
003 ES-MaACL
005 20250815121257.0
008 110314s1970 sp af ||||0| spa d
080 _a74 Peinado, Joaquín
100 1 _aPeinado, Joaquín.
_989982
245 1 0 _aDibujos de Joaquín Peinado /
_cpor Lucas Vidal.
250 _a1ª ed.
260 _aMadrid :
_bIbérico Europea de Ediciones,
_cD. L. 1970.
300 _a[40] p. :
_bprincipalmente il. bl. y n. ;
_c31 cm.
490 1 _aMaestros contemporáneos del dibujo y la pintura ;
_v4
500 _aEncuadernado con otros títulos.
597 _aEn el lomo: Opisso, Mateos, Vázquez Díaz, Joaquín Peinado, Monell, F. Iturrino, Redondela, Colmeiro, Cecilio Pla, Martínez Ortiz.
600 1 4 _aPeinado, Joaquín.
_989982
700 1 _aVidal, Lucas.
_9114444
830 0 0 _aMaestros contemporáneos del dibujo y la pintura
_v4
_9190405
852 _aES-MaACL
_jE-14686 (4)
_xOlim P-1071
999 _c177291
_d177291